| 000 | 01100nam1a2200289 i 4500 | ||
|---|---|---|---|
| 001 | RU\NLR\ONL1\14446 | ||
| 005 | 20241118134433.0 | ||
| 035 | _a(NLR Aleph) 009643187 | ||
| 090 |
_a9554763 _c9554763 |
||
| 100 | _a20090528d19311932u||y0rusy50 ca | ||
| 101 | 0 | _amyv | |
| 102 | _aRU | ||
| 105 | _ay ||||||||| | ||
| 200 | 1 |
_aПятилеткань киява _eробутамс кинига покш ломаньнень _fЯ. П. Рябов ды Г. К. Егорова _gВ. И. Подгорновань, Ф. Г. Поповонь ды С. А. Фомушкинань материалост коряс |
|
| 210 |
_aСамара _cЦентриздат _d1931-1932 |
||
| 215 | _d23 | ||
| 541 | 1 |
_aРабочая книга для взрослых _zrus |
|
| 606 | 0 |
_aЭрзянский язык _91650160 _3RU\NLR\auth\66730328 |
|
| 686 | 1 | _aШ166.311-929 | |
| 700 | 1 |
_aРябов _bЯ. П. _4070 |
|
| 701 | 1 |
_aЕгорова _bГ. К. _4070 |
|
| 801 | 0 |
_aRU _bNLR _c20090528 _gPSBO |
|
| 852 |
_aNLR _jМорд.э./3-799 |
||
| 852 |
_aNLR _jМорд.э./3-890 |
||
| 852 |
_aNLR _bОНЛ |
||
| 942 | _cBOOK | ||